000 01553cam a2200433 i 4500
001 19494415
003 OSt
005 20231004143647.0
008 170123t20172017ii b 001 0 eng d
010 _a 2016362473
020 _a9789386296658 (hardback)
020 _a9386296659
025 _aI-E-2016362473 ; 61-92 ; 68-92
035 _a(OCoLC)ocn969756081
035 _a(OCoLC)969756081
037 _bLibrary of Congress -- New Delhi Overseas Office
040 _aDKAGE
_beng
_erda
_cDKAGE
_dOCLCO
_dOCLCF
_dDLC
042 _alccopycat
_alcode
043 _aa-ii---
050 0 0 _aDS422.C3
_bP37 2017
082 0 4 _a305.56880954
_bBHA/P
245 0 4 _aThe past of the outcaste :
_breadings in dalit history /
_cedited by Sabyasachi Bhattacharya, Yagati Chinna Rao.
264 1 _aHyderabad :
_bOrient BlackSwan,
_c[2017]
264 4 _c©2017
300 _aviii, 469 pages ;
_c25 cm
336 _atext
_btxt
_2rdacontent
337 _aunmediated
_bn
_2rdamedia
338 _avolume
_bnc
_2rdacarrier
500 _aContributed articles.
504 _aIncludes bibliographical references and index.
650 0 _aDalits
_zIndia
_xHistory.
650 0 _aDalits
_zIndia
_xSocial conditions.
650 0 _aDalits
_xPolitical activity
_zIndia.
700 1 _aBhattacharya, Sabyasachi,
_d1938-
_eeditor.
700 1 _aYagati, Chinna Rao,
_eeditor.
906 _a7
_bcbc
_ccopycat
_d3
_encip
_f20
_gy-gencatlg
942 _2ddc
_cBK
_h305.56880954
_iBHA/P
_k305.56880954
_mBHA/P
999 _c42523
_d42523